000 00766nam a2200193Ia 4500
003 GCL
008 140319s9999 xx 000 0 ara d
040 _aGCL /
_cGCL
082 0 4 _aق
_b932
_bر ع
100 1 _aرينيس، بياتريكس ميدان
245 1 0 _aعصور ماقبل التاريخ فى مصر من المصريين الاوائل الى الفراعنة الاوائل /
_cرينيس، بياتريكس ميدان
250 _aالاولى
260 _aالقاهرة :
_bدار الفكر للدراسات والنشر والتوزيع ،
_c2001
300 _a298 ص ؛
_c24 سم
650 0 4 _aمصر القديمة
650 0 4 _aالفراعنة - مصر - تاريخ
650 0 4 _aمصر القديمة - تاريخ
942 _2ddc
_cBK
999 _c5164
_d5164